Quick Pick: Golden Globe Actors TV (Comedy) 1995-2004 Quiz Stats

 Plays Quiz not verified by Sporcle

Score 0/10 Timer 01:00
0 Plays Today
% Correct
Spin City
96.1%
Spin City
95.8%
Frasier
95.5%
Frasier
93%
Arrested Development
92.7%
3rd Rock from the Sun
91.8%
Spin City
91%
The Office
89.9%
Spin City
89.9%
Monk
89%

You're not logged in!

Compare scores with friends on all Sporcle quizzes.
OR
Log In

You Might Also Like...

Show Comments

Extras

Top Quizzes Today


Score Distribution

Your Account Isn't Verified!

In order to create a playlist on Sporcle, you need to verify the email address you used during registration. Go to your Sporcle Settings to finish the process.

Report this User

Report this user for behavior that violates our Community Guidelines.

Details: